OPTIMALIZÁCIA SACIEHO FILTRA V PIESTOVOM KOMPRESORE S CHLADIVOM CO2

Gespeichert in:
Bibliographische Detailangaben
1. Verfasser: Ruman, Radovan (Verfasst von)
Weitere Verfasser: Tomlein, Peter (Betreuung Doktorarbeit)
Format: Manuskript Buch
Sprache:Slowakisch
Veröffentlicht: 2016
Schlagworte:
Online-Zugang:http://is.stuba.sk/zp/portal_zp.pl?podrobnosti=130595
Tags: Tag hinzufügen
Keine Tags, Fügen Sie das erste Tag hinzu!

MARC

LEADER 00000ntm a22000003a 4500
001 stuzp55531
003 SK-STU
005 20160719154758.7
007 ta
008 150427s2015----xo-----f-mn---000-0-slo-d
040 |a STU  |b slo 
041 0 |a slo 
044 |a xo 
100 1 |a Ruman, Radovan  |u 020060  |4 aut  |U SjF Strojnícka fakulta  |T SjF Ústav energetických strojov a zariadení  |X 41305  |U J0060  |Y 805  |7 A000041305 
242 0 1 |a Optimization of suction filter in reciprocating compressor with CO2 refrigerant  |y eng 
245 1 0 |a OPTIMALIZÁCIA SACIEHO FILTRA V PIESTOVOM KOMPRESORE S CHLADIVOM CO2 
260 |c 2016 
300 |a 120 s.  |b CD 
650 4 |a oxid uhličitý  |2 slo 
650 4 |a porézne média  |2 slo 
650 4 |a kompresor  |2 slo 
650 4 |a tlakové straty  |2 slo 
650 4 |a CFD simulácia  |2 slo 
650 4 |a sací filter  |2 slo 
650 4 |a carbon dioxide  |2 eng 
650 4 |a porous medium  |2 eng 
650 4 |a compressor  |2 eng 
650 4 |a pressure losses  |2 eng 
650 4 |a CFD simulation  |2 eng 
650 4 |a suction filter  |2 eng 
700 1 |a Tomlein, Peter  |4 ths  |X 2211  |7 A000002211 
856 4 |u http://is.stuba.sk/zp/portal_zp.pl?podrobnosti=130595 
996 |b 284J044714  |c J* 117990  |l JJST  |s P  |a 0  |w stuzp55531_0001 
SQL |a stuzp55531  |b DDZ  |c SLO  |d OPTIMALIZÁCIA SACIEHO FILTRA V PIESTOVOM KOMPRESORE S CHLADIVOM CO2  |e 41305  |f Ruman, Radovan  |g 020060  |h 2211  |i Tomlein, Peter  |j 20160526  |k 1266  |l 02  |m http://is.stuba.sk/zp/portal_zp.pl?podrobnosti=130595  |n D-ESZ  |o 5.2.6. energetické stroje a zariadenia